[Event "Roncana op-A 13th"]
[Site "Santa Eulalia de Roncana"]
[Date "2019.10.26"]
[Round "5"]
[White "Alonso Gomez, Antonio"]
[Black "Sanchez Aguilar, Arnau"]
[Result "0-1"]
[WhiteElo "1684"]
[BlackElo "1600"]
[PlyCount "76"]
[EventDate "2019.09.28"]
[EventType "swiss"]
[EventRounds "8"]
[EventCountry "ESP"]
[SourceTitle "CBM 193 Extra"]
[Source "ChessBase"]
[SourceDate "2020.01.31"]
[SourceVersion "1"]
[SourceVersionDate "2020.01.31"]
[SourceQuality "1"]

1. d4 Nf6 2. Bf4 g6 3. e3 Bg7 4. Be2 d6 5. Nf3 0-0 6. c4 Nfd7 7. Nc3 e5 8. dxe5 dxe5 9. Bg5 f6 10. Qd5+ Kh8 11. Bh4 c6 12. Qd2 g5 13. Bg3 f5 14. h3 e4 15. Nd4 Nc5 16. b4 Ne6 17. Nxe6 Bxe6 18. Rd1 Na6 19. a3 Qf6 20. Rc1 Rad8 21. Qc2 Qe7 22. c5 f4 23. Bh2 Bf5 24. 0-0 Bg6 25. Rfd1 Rxd1+ 26. Rxd1 Be5 27. Nxe4 fxe3 28. f3 Nc7 29. Qc4 Nd5 30. Bxe5+ Qxe5 31. Qd4 Qxd4 32. Rxd4 Re8 33. Nd6 Nc3 34. Rg4 Re5 35. Kf1 Rd5 36. Nc4 Bd3 37. Bxd3 Rxd3 38. g3 Rd1+ 0-1

[Event "Roncana op-A 13th"]
[Site "Santa Eulalia de Roncana"]
[Date "2019.10.12"]
[Round "3"]
[White "Alonso Gomez, Antonio"]
[Black "Perez De Tudela Aznar, Marc"]
[Result "1-0"]
[WhiteElo "1684"]
[BlackElo "1593"]
[PlyCount "44"]
[EventDate "2019.09.28"]
[EventType "swiss"]
[EventRounds "8"]
[EventCountry "ESP"]
[SourceTitle "CBM 193 Extra"]
[Source "ChessBase"]
[SourceDate "2020.01.31"]
[SourceVersion "1"]
[SourceVersionDate "2020.01.31"]
[SourceQuality "1"]

1. d4 Nf6 2. Bf4 g6 3. e3 Bg7 4. Be2 d6 5. Nf3 0-0 6. c4 c5 7. Nc3 cxd4 8. exd4 Nbd7 9. 0-0 b6 10. Rc1 Bb7 11. Re1 Re8 12. h3 e5 13. dxe5 dxe5 14. Be3 Nc5 15. Bxc5 bxc5 16. Qxd8 Raxd8 17. Red1 e4 18. Nd2 Nd7 19. Nb5 Nb6 20. Nb3 Na4 21. Nd6 Re7 22. Nxb7 Rxb7 1-0

[Event "Mem Vinas 15th A"]
[Site "Mataro"]
[Date "2019.06.15"]
[Round "6.8"]
[White "Alonso Gomez, Antonio"]
[Black "Gabanach Fernandez, Victor"]
[Result "1/2-1/2"]
[WhiteElo "1684"]
[BlackElo "1468"]
[PlyCount "34"]
[EventDate "2019.05.04"]
[EventType "swiss"]
[EventRounds "8"]
[EventCountry "ESP"]
[SourceTitle "EXT 2024"]
[Source "ChessBase"]
[SourceDate "2023.10.10"]
[SourceVersion "1"]
[SourceVersionDate "2023.10.10"]
[SourceQuality "1"]

1. d4 f5 2. Bf4 Nf6 3. e3 g6 4. Be2 Bg7 5. Nc3 0-0 6. h4 h6 7. Nf3 d6 8. Qd3 Qe8 9. Qc4+ Kh8 10. Qxc7 Nc6 11. a3 Qf7 12. Bxd6 Ne8 13. Ne5 Nxe5 14. Qxe7 Nxd6 15. Qxd6 Nc6 16. Bf3 f4 17. 0-0-0 Rd8 1/2-1/2

[Event "Maresme op 15th"]
[Site "Maresme"]
[Date "2018.11.10"]
[Round "6"]
[White "Alonso Gomez, Antonio"]
[Black "Mancha Cerezuela, Sergio"]
[Result "1-0"]
[WhiteElo "1629"]
[BlackElo "1535"]
[PlyCount "85"]
[EventDate "2018.09.29"]
[EventType "swiss"]
[EventRounds "9"]
[EventCountry "ESP"]
[SourceTitle "EXT 2024"]
[Source "ChessBase"]
[SourceDate "2023.10.10"]
[SourceVersion "1"]
[SourceVersionDate "2023.10.10"]
[SourceQuality "1"]

1. d4 d5 2. Bf4 Nf6 3. e3 Bf5 4. Bd3 Bg6 5. Nf3 e6 6. Ne5 Bxd3 7. Qxd3 c6 8. Qb3 b6 9. Nd2 Bd6 10. Bg5 0-0 11. c4 Be7 12. Rc1 Qd6 13. 0-0 Nbd7 14. Bf4 dxc4 15. Qxc4 Nxe5 16. Bxe5 Qb4 17. Bxf6 Qxc4 18. Rxc4 Bxf6 19. Rxc6 Rac8 20. Rfc1 Rxc6 21. Rxc6 Ra8 22. Ne4 Be7 23. Kf1 Kf8 24. Nc3 Ke8 25. Nb5 Kd8 26. Rc2 a6 27. Nc3 Rc8 28. Ke2 b5 29. Kd3 b4 30. Ne4 Rxc2 31. Kxc2 Kc7 32. Kb3 Kb6 33. Kc4 Kc6 34. g3 a5 35. h4 f6 36. f4 Bf8 37. Nc5 Bxc5 38. dxc5 h5 39. e4 g6 40. e5 fxe5 41. fxe5 a4 42. Kxb4 Kd5 43. Kb5 1-0

[Event "Maresme op 14th"]
[Site "Maresme"]
[Date "2017.11.11"]
[Round "6"]
[White "Ruiz Molina, Gabriel"]
[Black "Alonso Gomez, Antonio"]
[Result "1-0"]
[WhiteElo "1899"]
[BlackElo "1689"]
[PlyCount "33"]
[EventDate "2017.09.30"]
[EventType "swiss"]
[EventRounds "9"]
[EventCountry "ESP"]
[SourceTitle "CBM 181 Extra"]
[Source "ChessBase"]
[SourceDate "2017.12.12"]
[SourceVersion "1"]
[SourceVersionDate "2017.12.12"]
[SourceQuality "1"]

1. d4 d5 2. c4 c6 3. Nc3 Nf6 4. Nf3 a6 5. Qb3 dxc4 6. Qxc4 b5 7. Qb3 e6 8. Bg5 Be7 9. g3 Bb7 10. Bg2 Nbd7 11. Rd1 Nd5 12. Bd2 c5 13. 0-0 0-0 14. a3 Nxc3 15. bxc3 c4 16. Qc2 Bxa3 17. Ng5 1-0

[Event "Maresme op 14th"]
[Site "Maresme"]
[Date "2017.11.04"]
[Round "5"]
[White "Alonso Gomez, Antonio"]
[Black "Espadero Roda, Francesc"]
[Result "1-0"]
[WhiteElo "1689"]
[BlackElo "1504"]
[PlyCount "37"]
[EventDate "2017.09.30"]
[EventType "swiss"]
[EventRounds "9"]
[EventCountry "ESP"]
[SourceTitle "CBM 181 Extra"]
[Source "ChessBase"]
[SourceDate "2017.12.12"]
[SourceVersion "1"]
[SourceVersionDate "2017.12.12"]
[SourceQuality "1"]

1. d4 Nf6 2. Bf4 c5 3. e3 g6 4. c3 Qa5 5. Nd2 cxd4 6. exd4 d5 7. Bd3 Bf5 8. Bxf5 gxf5 9. Ngf3 Nbd7 10. Ne5 0-0-0 11. Nxf7 Rg8 12. Nxd8 Qxd8 13. c4 Rg4 14. g3 Qb6 15. Rc1 Rxf4 16. cxd5+ Kb8 17. gxf4 Qxd4 18. Qc2 Nb6 19. Qc7+ 1-0

[Event "Maresme op 14th"]
[Site "Maresme"]
[Date "2017.10.07"]
[Round "2"]
[White "Martin Villanova, Jordi"]
[Black "Alonso Gomez, Antonio"]
[Result "1-0"]
[WhiteElo "1918"]
[BlackElo "1689"]
[PlyCount "73"]
[EventDate "2017.09.30"]
[EventType "swiss"]
[EventRounds "9"]
[EventCountry "ESP"]
[SourceTitle "CBM 181 Extra"]
[Source "ChessBase"]
[SourceDate "2017.12.12"]
[SourceVersion "1"]
[SourceVersionDate "2017.12.12"]
[SourceQuality "1"]

1. Nf3 d5 2. g3 Nf6 3. Bg2 Bf5 4. 0-0 c6 5. b3 e6 6. Nh4 Bg4 7. Bb2 Nbd7 8. d4 Bd6 9. c4 Qe7 10. Nc3 Ba3 11. Qc2 Bxb2 12. Qxb2 0-0 13. Rfe1 Rfd8 14. h3 Bh5 15. e4 dxe4 16. Nxe4 Nxe4 17. Rxe4 Qf6 18. Rf4 Qg5 19. Nf3 Bxf3 20. Bxf3 Nf6 21. Re1 Rd7 22. Re5 Qg6 23. b4 Rad8 24. a4 a6 25. Kg2 Qd3 26. Be2 Qg6 27. h4 h5 28. Rg5 Qh6 29. d5 Kh8 30. dxe6 fxe6 31. Qe5 b5 32. Bxh5 bxc4 33. Bg6 Rd5 34. Qc7 R8d7 35. Qxc6 Rxg5 36. hxg5 Qxg5 37. Qc8+ 1-0

[Event "Maresme op 14th"]
[Site "Maresme"]
[Date "2017.09.30"]
[Round "1"]
[White "Alonso Gomez, Antonio"]
[Black "Jeggle Soler, Carles"]
[Result "1-0"]
[WhiteElo "1689"]
[BlackElo "1292"]
[PlyCount "63"]
[EventDate "2017.09.30"]
[EventType "swiss"]
[EventRounds "9"]
[EventCountry "ESP"]
[SourceTitle "CBM 181 Extra"]
[Source "ChessBase"]
[SourceDate "2017.12.12"]
[SourceVersion "1"]
[SourceVersionDate "2017.12.12"]
[SourceQuality "1"]

1. d4 d5 2. Bf4 e6 3. Nf3 Nc6 4. e3 Nf6 5. Nbd2 Be7 6. c3 0-0 7. Bd3 h6 8. Rc1 Nh5 9. Bg3 f5 10. Ne5 f4 11. Nxc6 bxc6 12. Qxh5 Rf6 13. Bxf4 Qf8 14. 0-0 Bd6 15. Be5 Rf5 16. Bxf5 exf5 17. Bxd6 cxd6 18. Qg6 Bd7 19. c4 Be8 20. Qe6+ Kh8 21. cxd5 c5 22. dxc5 dxc5 23. Nb3 Rb8 24. Nxc5 Rb6 25. Qc8 Rd6 26. Ne6 Qf7 27. Rc7 Rd7 28. Rxd7 Qxd7 29. Qxd7 Bxd7 30. Rc1 a6 31. Rc7 Bb5 32. d6 1-0

[Event "Mataro Vinas Memorial-B 13th"]
[Site "Mataro"]
[Date "2017.06.17"]
[Round "8.2"]
[White "Barrionuevo Nistal, Hugo"]
[Black "Alonso Gomez, Antonio"]
[Result "0-1"]
[WhiteElo "1428"]
[BlackElo "1669"]
[PlyCount "124"]
[EventDate "2017.04.22"]
[EventType "swiss"]
[EventRounds "8"]
[EventCountry "ESP"]
[SourceTitle "EXT 2024"]
[Source "ChessBase"]
[SourceDate "2023.10.10"]
[SourceVersion "1"]
[SourceVersionDate "2023.10.10"]
[SourceQuality "1"]

1. c4 c6 2. e4 d5 3. cxd5 cxd5 4. exd5 Qxd5 5. Nc3 Qd8 6. Nf3 Nf6 7. d4 e6 8. Bd3 Nc6 9. Bc2 a6 10. 0-0 h6 11. Re1 Be7 12. Bf4 Nb4 13. Bb1 Nbd5 14. Be5 0-0 15. Qd3 Nb4 16. Qc4 Qb6 17. Qb3 Nbd5 18. Qc2 Nb4 19. Qb3 Nbd5 20. Qc2 Qc6 21. Nxd5 exd5 22. Qd3 Qc4 23. h3 Qxd3 24. Bxd3 Be6 25. Rac1 Rac8 26. Bf4 Bb4 27. Bd2 Bxd2 28. Nxd2 Nd7 29. Nb3 Nb8 30. f4 Bd7 31. Nc5 Bc6 32. Bf5 Rc7 33. Kf2 g6 34. Bg4 h5 35. Bf3 Rfc8 36. Nd3 Nd7 37. Nb4 Nb6 38. b3 a5 39. Nd3 Bb5 40. Rxc7 Rxc7 41. Rc1 Rxc1 42. Nxc1 f6 43. Ne2 Bxe2 44. Kxe2 Kf7 45. Kd3 Ke6 46. g3 Kd6 47. Kc3 Kc6 48. Be2 Nc8 49. a3 Nd6 50. Bd3 Ne4+ 51. Bxe4 dxe4 52. Kc4 b5+ 53. Kc3 Kd5 54. g4 hxg4 55. hxg4 b4+ 56. axb4 axb4+ 57. Kxb4 Kxd4 58. Ka4 e3 59. b4 e2 60. b5 e1Q 61. b6 Qb1 62. Ka5 Kc5 0-1

[Event "Mataro Vinas Memorial-B 13th"]
[Site "Mataro"]
[Date "2017.06.03"]
[Round "6.1"]
[White "Alvaro Hermosa, Ramon"]
[Black "Alonso Gomez, Antonio"]
[Result "1/2-1/2"]
[WhiteElo "1582"]
[BlackElo "1669"]
[PlyCount "72"]
[EventDate "2017.04.22"]
[EventType "swiss"]
[EventRounds "8"]
[EventCountry "ESP"]
[SourceTitle "EXT 2024"]
[Source "ChessBase"]
[SourceDate "2023.10.10"]
[SourceVersion "1"]
[SourceVersionDate "2023.10.10"]
[SourceQuality "1"]

1. c4 c6 2. Nf3 d5 3. cxd5 cxd5 4. g3 Bf5 5. Bg2 Nc6 6. d4 Nf6 7. Nc3 e6 8. 0-0 Qb6 9. Qa4 a6 10. e3 Bd6 11. Nh4 Bg6 12. Nxg6 hxg6 13. Rb1 Rc8 14. Bd2 0-0 15. Rfc1 Nb4 16. Bf1 Nc6 17. Bg2 Qb4 18. Qxb4 Nxb4 19. Bf1 Nc6 20. Bg2 Nd7 21. Na4 Bb4 22. Bxb4 Nxb4 23. a3 Nc6 24. Nc5 Nxc5 25. Rxc5 Ne7 26. Rbc1 Rxc5 27. Rxc5 Rc8 28. Kf1 Kf8 29. Ke2 Ke8 30. Rxc8+ Nxc8 31. Kd3 Nd6 32. e4 dxe4+ 33. Bxe4 Nxe4 34. Kxe4 Kd7 35. d5 Kd6 36. dxe6 Kxe6 1/2-1/2

[Event "Mataro Vinas Memorial-B 13th"]
[Site "Mataro"]
[Date "2017.05.13"]
[Round "3.1"]
[White "Alonso Gomez, Antonio"]
[Black "Espadero Roda, Francesc"]
[Result "1-0"]
[WhiteElo "1669"]
[BlackElo "1527"]
[PlyCount "41"]
[EventDate "2017.04.22"]
[EventType "swiss"]
[EventRounds "8"]
[EventCountry "ESP"]
[SourceTitle "EXT 2024"]
[Source "ChessBase"]
[SourceDate "2023.10.10"]
[SourceVersion "1"]
[SourceVersionDate "2023.10.10"]
[SourceQuality "1"]

1. d4 Nf6 2. Nf3 Nc6 3. Bf4 e6 4. e3 Bb4+ 5. c3 Be7 6. Bd3 Nh5 7. Bg3 f5 8. Ne5 Nxg3 9. Nxc6 bxc6 10. hxg3 0-0 11. Qh5 h6 12. Nd2 d5 13. 0-0-0 a5 14. Nf3 Bd7 15. Ne5 Be8 16. Qe2 c5 17. Bb5 Qd6 18. Bxe8 Rfxe8 19. Qh5 Bf6 20. Qf7+ Kh7 21. Rxh6+ 1-0

[Event "Mataro Vinas Memorial-B 13th"]
[Site "Mataro"]
[Date "2017.04.29"]
[Round "2.1"]
[White "Garcia Pitarch, Raul"]
[Black "Alonso Gomez, Antonio"]
[Result "0-1"]
[WhiteElo "1424"]
[BlackElo "1669"]
[PlyCount "28"]
[EventDate "2017.04.22"]
[EventType "swiss"]
[EventRounds "8"]
[EventCountry "ESP"]
[SourceTitle "EXT 2024"]
[Source "ChessBase"]
[SourceDate "2023.10.10"]
[SourceVersion "1"]
[SourceVersionDate "2023.10.10"]
[SourceQuality "1"]

1. d4 d5 2. Bf4 c6 3. Nf3 Nf6 4. e3 Bf5 5. Nbd2 e6 6. Ne5 Bd6 7. Ndf3 Qc7 8. c3 Nbd7 9. h3 h6 10. Bh2 Be4 11. Nxd7 Nxd7 12. Bd3 Bxh2 13. Nxh2 Bxg2 14. Rg1 Qxh2 0-1

[Event "Mataro Maresme op-A 13th"]
[Site "Mataro"]
[Date "2016.10.15"]
[Round "2"]
[White "Garcia Garcia, Candido"]
[Black "Alonso Gomez, Antonio"]
[Result "1/2-1/2"]
[WhiteElo "1856"]
[BlackElo "1600"]
[PlyCount "87"]
[EventDate "2016.10.08"]
[EventType "swiss"]
[EventRounds "9"]
[EventCountry "ESP"]
[SourceTitle "EXT 2018"]
[Source "ChessBase"]
[SourceDate "2017.10.13"]
[SourceVersion "1"]
[SourceVersionDate "2017.10.13"]
[SourceQuality "1"]

1. e4 e6 2. d4 d5 3. exd5 exd5 4. Bd3 Bd6 5. Ne2 Nf6 6. Bg5 h6 7. Bh4 Nbd7 8. c3 c6 9. Qc2 Qc7 10. Bg3 Nh5 11. Bxd6 Qxd6 12. Nd2 Nf4 13. Nxf4 Qxf4 14. 0-0-0 0-0 15. f3 Nf6 16. Rde1 Be6 17. Kb1 Rfe8 18. g3 Qd6 19. f4 Bg4 20. Bf5 Re7 21. Bxg4 Nxg4 22. Nf3 Rae8 23. Qd2 Rxe1+ 24. Rxe1 Rxe1+ 25. Qxe1 Qg6+ 26. Kc1 Qe4 27. Qf1 Qe3+ 28. Kc2 Nf2 29. Ne1 Ne4 30. Nf3 a5 31. Kb3 Qxf3 32. Qxf3 Nd2+ 33. Ka4 Nxf3 34. Kxa5 Nxh2 35. Kb6 g5 36. a4 gxf4 37. gxf4 h5 38. a5 h4 39. Kxb7 h3 40. a6 Nf1 41. a7 h2 42. a8Q+ Kg7 43. Qd8 h1Q 44. Qg5+ 1/2-1/2

[Event "Badalona op-C 41st"]
[Site "Badalona"]
[Date "2015.08.04"]
[Round "3.3"]
[White "Alonso Gomez, Antonio"]
[Black "Lozano Ruiz, David"]
[Result "0-1"]
[WhiteElo "1879"]
[BlackElo "1812"]
[PlyCount "92"]
[EventDate "2015.08.02"]
[EventType "swiss"]
[EventRounds "9"]
[EventCountry "ESP"]
[SourceTitle "EXT 2024"]
[Source "ChessBase"]
[SourceDate "2023.10.10"]
[SourceVersion "1"]
[SourceVersionDate "2023.10.10"]
[SourceQuality "1"]

1. e4 c5 2. Nc3 d6 3. d3 Nf6 4. Nge2 g6 5. g3 Bg7 6. Bg2 Nc6 7. h3 Rb8 8. 0-0 b5 9. f4 Bd7 10. Kh2 0-0 11. g4 b4 12. Nb1 a5 13. Nd2 a4 14. Rb1 Qc7 15. Kh1 Na5 16. c3 b3 17. a3 Bb5 18. c4 Ba6 19. Nc3 Qd7 20. Nf3 Bb7 21. Bd2 Ra8 22. Be1 Nc6 23. Ne2 Rfc8 24. Bc3 e6 25. Ng3 d5 26. f5 dxe4 27. dxe4 Qc7 28. Qe1 e5 29. g5 Nd7 30. f6 Bf8 31. Rf2 Nd4 32. Nf1 h5 33. h4 Nb6 34. Ne3 Bxe4 35. Rc1 Nxf3 36. Bxf3 Bxf3+ 37. Rxf3 Qc6 38. Kg2 e4 39. Rf2 Qe6 40. Rd1 Rd8 41. Rxd8 Rxd8 42. Ba5 Rd3 43. Bxb6 Qxb6 44. Nd5 Qe6 45. Nf4 Qg4+ 46. Kf1 Rd1 0-1